| 000 | 00371nam a22001217a 4500 | ||
|---|---|---|---|
| 082 | _a200 THE | ||
| 100 |
_aRoohi Hussain _970702 |
||
| 245 | _aTH-SOF-1057-ENSEMBLE MODEL FOR CLASSIFICATION OF EMAILS BY MAJORITY VOTING | ||
| 260 |
_aIslamabad _bNUST College of EME _c2014 |
||
| 650 | _a MS-CSE-12 MSTHESIS | ||
| 700 |
_aSupervisor Dr. Usman Qamar _969693 |
||
| 942 | _cCF | ||
| 999 |
_c577604 _d577604 |
||